Library Banner

Introduction to biomedical equipment technology (Record no. 26558)

MARC details
000 -LEADER
fixed length control field 00557nam a2200205Ia 4500
001 - CONTROL NUMBER
control field 26396
008 - FIXED-LENGTH DATA ELEMENTS--GENERAL INFORMATION
fixed length control field 140414s9999 xx 000 0 und d
020 ## - INTERNATIONAL STANDARD BOOK NUMBER
International Standard Book Number 81-7808-327-2
040 ## - CATALOGING SOURCE
Transcribing agency PK-LaUMT
082 ## - DEWEY DECIMAL CLASSIFICATION NUMBER
Classification number 610.28
Item number CAR-I
100 ## - MAIN ENTRY--PERSONAL NAME
Personal name John M. Brown
245 ## - TITLE STATEMENT
Title Introduction to biomedical equipment technology
Statement of responsibility, etc John M. Brown<>Joseph J. Carr
250 ## - EDITION STATEMENT
Edition statement 4th
260 ## - PUBLICATION, DISTRIBUTION, ETC. (IMPRINT)
Place of publication, distribution, etc Berkeley,USA:
Name of publisher, distributor, etc Peachpit Press,
Date of publication, distribution, etc 2001
300 ## - PHYSICAL DESCRIPTION
Extent 743 p.
546 ## - LANGUAGE NOTE
Language note EN
650 ## - SUBJECT ADDED ENTRY--TOPICAL TERM
Topical term or geographic name as entry element Biomedical engineering-instrumentation
700 ## - ADDED ENTRY--PERSONAL NAME
Personal name Joseph J. Carr
942 ## - ADDED ENTRY ELEMENTS (KOHA)
Koha item type Books
Holdings
Withdrawn status Lost status Damaged status Not for loan Home library Current library Date acquired Total Checkouts Full call number Barcode Date last seen Price effective from Koha item type
        UMT Main Campus UMT Main Campus 2014-04-14   610.28 CAR-I 29641 2014-04-25 2014-04-25 Books